Comptabilité d'entreprise et comptabilité nationale

Gespeichert in:
Bibliographische Detailangaben
1. Verfasser: Meyer, Jean (autor)
Format: Buch
Sprache:Französisch
Veröffentlicht: París Dunod 1969
Ausgabe:2a. ed
Schlagworte:
Tags: Tag hinzufügen
Keine Tags, Fügen Sie den ersten Tag hinzu!

MARC

LEADER 00000nam a2200000 a 4500
001 UCQ0266
003 CL-VaPUC
008 980627e19690000FR |||||||||||||||||fre|d
082 0 4 |a 657.8  |b MEY  |2 21 
100 |a Meyer, Jean  |e autor  |9 414102 
245 1 0 |a Comptabilité d'entreprise et comptabilité nationale 
250 |a 2a. ed 
300 |a 118 p 
942 |c BK 
945 |d 19980627 00:00:00  |a cmena 
260 |a París  |b Dunod  |c 1969 
650 0 |a Contabilidad   |9 261430 
650 0 |a Empresas   |9 255569 
650 0 |a Administración financiera  |9 261146 
650 0 |a Estados de cuentas  |9 352305 
583 |a last modification  |c 19980627 00:00:00  |k Rodrigo Vera 
999 |c 271405  |d 271403 
952 |0 0  |1 0  |4 0  |6 657_800000000000000_MEY_1969  |7 0  |8 P  |9 306051  |a BIBGIM  |b BIBGIM  |d 2019-11-20  |i 142677K  |o 657.8 MEY 1969  |p 142677K  |r 2025-01-15  |w 2019-11-20  |y BK  |k COM 
952 |0 0  |1 0  |4 0  |6 657_800000000000000_MEY_1969  |7 0  |8 P  |9 306052  |a BIBGIM  |b BIBGIM  |d 2019-11-20  |i 1426788  |o 657.8 MEY 1969  |p 1426788  |r 2025-01-15  |w 2019-11-20  |y BK  |k COM